Structural and ecological study on the mollusc fauna of the hardwood gallery forests (fraxino pannonicae ulmetum Soó 1960) in the great Hungarian plain
Elmentve itt :
| Szerző: | |
|---|---|
| Dokumentumtípus: | Könyv része |
| Megjelent: |
2000
|
| Sorozat: | Tiscia monograph series
Ecology of river valleys |
| Kulcsszavak: | Tisza - ökológia, Állatvilág - Tisza |
| Tárgyszavak: | |
| Online Access: | http://acta.bibl.u-szeged.hu/10233 |
| LEADER | 00904naa a2200229 i 4500 | ||
|---|---|---|---|
| 001 | acta10233 | ||
| 005 | 20220307105045.0 | ||
| 008 | 161015s2000 hu o 0|| eng d | ||
| 022 | |a 1418-0448 | ||
| 040 | |a SZTE Egyetemi Kiadványok Repozitórium |b hun | ||
| 041 | |a eng | ||
| 100 | 1 | |a Bába Károly | |
| 245 | 1 | 0 | |a Structural and ecological study on the mollusc fauna of the hardwood gallery forests (fraxino pannonicae ulmetum Soó 1960) in the great Hungarian plain |h [elektronikus dokumentum] / |c Bába Károly |
| 260 | |c 2000 | ||
| 300 | |a 77-82 | ||
| 490 | 0 | |a Tiscia monograph series | |
| 490 | 0 | |a Ecology of river valleys | |
| 650 | 4 | |a Természettudományok | |
| 650 | 4 | |a Föld- és kapcsolódó környezettudományok | |
| 650 | 4 | |a Biológiai tudományok | |
| 695 | |a Tisza - ökológia, Állatvilág - Tisza | ||
| 856 | 4 | 0 | |u http://acta.bibl.u-szeged.hu/10233/1/tiscia_mono_005_077-082.pdf |z Dokumentum-elérés |